000 01993nam a2200361 a 4500
001 2010814
003 AM-YeHGA
005 20250618080209.0
007 ta
008 250315s2025 ai a||||||||||||||0|arm|d
020 _a9789994133932
040 _aAM-YeHGA
041 0 _aarm
100 1 _aՄաթևոսյան, Կարեն Արտաշեսի,
_d1958-
_93449
245 1 0 _aԳլաձորի համալսարանի պատմությունից /
_cԿ. Մաթևոսյան ; Խմբագիր՝ Ա. Հարությունյան [Սրբագրիչ՝ Հ. Իրիցյան].
246 1 5 _aFrom history of Gladzor university
260 _aԵրևան :
_b«Մուղնի» հրատ․,
_c2025․
300 _a224 էջ ։
_bնկարներ ;
_c24 սմ․
500 _aՆվիրվում է Գլաձորի համալսարանի 740-ամյակին։
500 _aՇապիկի Ա երեսին՝ Թորոս Սարկավագի մանրանկարի հատված, որտեղ իմաստության ծառ նռնեին խորհրդանշում է Գլաձորի համալսարանը։
504 _aՏողատակում՝ մատենագիտական ծանոթագրություններ։
504 _aԱղբյուրներ և գրականություն՝ Էջ 211-221։
504 _aՊատկերացանկ՝ էջ 218-221։
546 _aԱմփոփումը՝ անգլերեն։
650 1 4 _aԲարձրագույն ուսումնական հաստատություններ
_xԳլաձորի համալսարան
_yXIII-XIV դդ.
650 1 4 _aԲարձրագույն ուսումնական հաստատություններ
_xՄիջնադարյան համալսարաններ
651 4 _aԳլաձոր
651 4 _aՄիջնադարյան Հայաստան
_xՔաղաքակրթության պատմություն
_y13-14 դդ.
700 1 _aՀարությունյան, Արսեն
_eխմբագիր
_4edt
700 1 _aԻրիցյան, Հասմիկ
_eսրբագրիչ
_4crr
942 _2udc
_cBK
090 _c573102
999 _c533687
_d533687